| 000 | 00569nam a2200181Ia 4500 | ||
|---|---|---|---|
| 003 | OSt | ||
| 005 | 20201013105726.0 | ||
| 008 | 151021s9999 xx 000 0 und d | ||
| 040 |
_aMMU _beng _cMMU _dMMU |
||
| 050 | _aJQ 2949 .A75G5 1987 | ||
| 245 |
_aA Textbook of the Constitution and Government of Kenya for Secondary Schools/ _cGicheru, H.B Ndoria. |
||
| 260 |
_aNew Delhi : _bSterling, _c1987. |
||
| 300 | _axv, 654 p. : | ||
| 500 | _aIncludes index | ||
| 650 | _aThe Constitution and Government of Kenya | ||
| 700 | _aKabuya Miano | ||
| 942 |
_2lcc _cLOAN LOAN |
||
| 999 |
_c6741 _d6741 |
||